| 000 | 01239nam a2200265 i 4500 | ||
|---|---|---|---|
| 001 | 39595 | ||
| 003 | ES-MaACL | ||
| 005 | 20250928093945.0 | ||
| 007 | t| | ||
| 008 | 030303s1945 sp g |||| | spa d | ||
| 100 | 1 |
_aThomàs Sabater, Joan Maria. _9110056 |
|
| 245 | 1 | 0 |
_aCanciones españolas de instrumentos [ _hMúsica impresa] : _bpara voz y piano / _cJuan María Thomas. |
| 260 |
_aPalma de Mallorca : _bCapella Classica, _c[1945] |
||
| 300 |
_a1 partitura (36, [2] p.) ; _c30 cm. |
||
| 505 | 8 | _aContiene: 1. Guitarra / poesía de Lope de Vega . 2. Arpa / poesía de Jorge Manrique . 3. Trompetas y atabales / poesía de Gómez Manrique . 4. Clavicémbalo / poesía del Cancionero de Sablonara . 5. Gaita / poesía de Lope de Vega . 6. Flauta y vihuela / poesía de Garcilaso de la Vega . 7. Nazardos de Realejo / poesía del Cancionero de Sablonara | |
| 630 | 0 | 4 |
_aCancionero de Sablonara. _9119660 |
| 650 | 4 |
_aCanciones con piano. _9141417 |
|
| 700 |
_aManrique, Jorge, _d1440?-1479 _9178074 |
||
| 700 | 1 |
_aManrique, Gómez. _976097 |
|
| 700 | 1 |
_aVega, Lope de, _d1562-1635 _9113563 |
|
| 700 | 0 |
_aGarcilaso de la Vega, _d1501-1536 _955471 |
|
| 852 |
_aES-MaACL _j2063-F-11 |
||
| 942 | _2udc | ||
| 999 |
_c39595 _d39595 |
||